000 00467nam a2200181Ia 4500
008 151213s9999 xx 000 0 und d
020 _a0-07-1152-73-3
082 _a658.4'01
_b658.4'01
100 _aBarry C. Field
245 _aEnvironmental Economics An Introduction
_cBarry C. Field
250 _a2nd
260 _aNew York
_bMcGrawHill
_c1997
300 _a9780 p.
650 _aEconomics
650 _aEconomics
700 _aBarry C. Field
999 _c4799
_d4799